01578nam a2200325 a 4500001001000000003000900010005001700019007000300036008004100039040002500080082002700105100004600132245008000178260007000258300004000328490002000368500007300388500003100461500006400492590002700556651005100583830002600634910003700660942001400697952013200711952013200843952012800975952013201103999001701235000021820DO-SdBNP20221117071935.0ta100913s1985 dr abc 000 0 spa d aDO-SdBNPbspacBNPHU 4a355.0097293bH936c2221 aHungría Morel, Radamés,d1916-94532410aCalendas históricas y militares dominicanas /cRadamés Hungría Morel. aSanto Domingo :bMuseo Nacional de Historia y Geografía,c1985. av. :bil. ; map. ; retrs. ;c23 cm.1 aDidáctica;v1 aIncluye referencias bibliográficas y notas al pie de las páginas aLa biblioteca posee el v.1 aIncluye datos biográficos del autor en la contracubierta. aInventariado, 2018/ YL 4aRepública DominicanaxHistoria Militar92806 0aDidáctican1945325 aValidado. Control de calidad MFF 2ddccLBS1 00102ddc56708DSaBNPHUbBNPHUcHDd2013-05-07oBNPHU DS 355.0097293 H936cp21820-30r2020-06-25tv.1, e.3w2020-06-25yLBS1 00102ddc56708PDaBNPHUbBNPHUcHDd2013-05-07oBNPHU DS 355.0097293 H936cp21820-40r2020-06-25tv.1, e.4w2020-06-25yLBS1 00102ddc51708PDaBNPHUbBNPHUcHDd2010-09-13oBNPHU PD 355.0097293 H936cp21820-10r2020-06-25tv.1w2020-06-25yLBS1 00102ddc51708PDaBNPHUbBNPHUcHDd2011-03-31oBNPHU PD 355.0097293 H936cp21820-20r2020-06-25tv.1, e.2w2020-06-25yLBS1 c21318d21318